[Event "Florianopolis op 10th"]
[Site "Florianopolis"]
[Date "2024.01.24"]
[Round "6"]
[White "Pessoa, Marcio de Souza"]
[Black "Flesch, Lucas Henrique Ye"]
[Result "0-1"]
[WhiteElo "1846"]
[BlackElo "1571"]
[PlyCount "78"]
[EventDate "2024.01.20"]
[EventType "swiss"]
[EventRounds "10"]
[EventCountry "BRA"]
[SourceTitle "CB05_2024"]
[SourceDate "2024.01.31"]
[SourceVersion "1"]
[SourceVersionDate "2024.01.31"]
[SourceQuality "1"]

1. d4 d5 2. Bf4 Nf6 3. Nf3 c5 4. e3 Nc6 5. c3 Qb6 6. Qb3 c4 7. Qxb6 axb6 8. Na3 Ra5 9. Bc7 e6 10. Bxb6 Ra6 11. Bc5 Bxc5 12. dxc5 Ne4 13. Nd2 Nxc5 14. e4 0-0 15. Be2 Na4 16. 0-0-0 Nxc3 17. bxc3 Rxa3 18. Kb2 Ra5 19. Bf3 Ne5 20. Rhf1 Nd3+ 21. Ka1 Bd7 22. Nb1 Rfa8 23. a3 Ba4 24. Rd2 Nc5 25. Ka2 dxe4 26. Bd1 Nd3 27. Bxa4 Rxa4 28. Re2 f5 29. f3 exf3 30. gxf3 Kf7 31. Rg1 b5 32. Reg2 g6 33. h4 b4 34. cxb4 Nxb4+ 35. Kb2 Nd5 36. h5 Rb8+ 37. Kc1 Nf4 38. hxg6+ hxg6 39. Rh2 Nd3+ 0-1

[Event "Florianopolis op 10th"]
[Site "Florianopolis"]
[Date "2024.01.21"]
[Round "2"]
[White "Salamanca Paraguayo, Mateo"]
[Black "Flesch, Lucas Henrique Ye"]
[Result "0-1"]
[WhiteElo "1182"]
[BlackElo "1571"]
[PlyCount "48"]
[EventDate "2024.01.20"]
[EventType "swiss"]
[EventRounds "10"]
[EventCountry "BRA"]
[SourceTitle "CB05_2024"]
[SourceDate "2024.01.31"]
[SourceVersion "1"]
[SourceVersionDate "2024.01.31"]
[SourceQuality "1"]

1. e4 e6 2. d4 d5 3. e5 c5 4. c3 Nc6 5. Nf3 Qb6 6. Be2 cxd4 7. cxd4 Nge7 8. 0-0 Nf5 9. Nc3 Nfxd4 10. Nxd4 Qxd4 11. Qxd4 Nxd4 12. Bb5+ Bd7 13. Bxd7+ Kxd7 14. Bf4 Bb4 15. Rae1 Bxc3 16. bxc3 Nb5 17. Rc1 Rhc8 18. Bd2 Rc4 19. Rc2 Rac8 20. Rb1 Nxc3 21. Rxb7+ R8c7 22. Rbb2 Ne2+ 23. Kh1 Rxc2 24. Rxc2 Rxc2 0-1

[Event "Florianopolis op-B 04"]
[Site "Florianopolis"]
[Date "2023.04.29"]
[Round "3"]
[White "Flesch, Lucas Henrique Ye"]
[Black "Gomes, Maria Eduarda Papin"]
[Result "0-1"]
[WhiteElo "1437"]
[BlackElo "1666"]
[PlyCount "74"]
[EventDate "2023.04.28"]
[EventType "swiss"]
[EventRounds "6"]
[EventCountry "BRA"]
[SourceTitle "CBM 214 Extra"]
[Source "ChessBase"]
[SourceDate "2023.07.31"]
[SourceVersion "1"]
[SourceVersionDate "2023.07.31"]
[SourceQuality "1"]

1. e4 c5 2. Nf3 e6 3. c3 d5 4. exd5 exd5 5. d4 Nc6 6. Be3 cxd4 7. Nxd4 a6 8. Bd3 Bd6 9. Nf5 Bxf5 10. Bxf5 Nge7 11. Bc2 b5 12. 0-0 Qc7 13. h3 Rd8 14. Bd4 Nxd4 15. Qxd4 0-0 16. Nd2 Nc6 17. Qh4 g6 18. Nf3 Be7 19. Qh6 d4 20. h4 dxc3 21. h5 cxb2 22. hxg6 fxg6 23. Rae1 Bf6 24. Re6 Ne7 25. Bb3 Kh8 26. Rfe1 Nf5 27. Qh3 Qc1 28. Ng5 Qxg5 29. Bc2 Nd4 30. Qd3 Nxe6 31. Qb3 Nd4 32. Qd3 Nxc2 33. Qxc2 Rc8 34. Qd3 Rc1 35. Kf1 Rxe1+ 36. Kxe1 Re8+ 37. Qe3 Rxe3+ 0-1

[Event "Florianopolis op 9th"]
[Site "Florianopolis"]
[Date "2023.01.23"]
[Round "1"]
[White "Flesch, Lucas Henrique Ye"]
[Black "Seccafim, Caic Dos Santos"]
[Result "0-1"]
[WhiteElo "1306"]
[BlackElo "1936"]
[PlyCount "58"]
[EventDate "2023.01.23"]
[EventType "swiss"]
[EventRounds "10"]
[EventCountry "BRA"]
[SourceTitle "CBM 212 Extra"]
[Source "ChessBase"]
[SourceDate "2023.03.31"]
[SourceVersion "1"]
[SourceVersionDate "2023.03.31"]
[SourceQuality "1"]

1. e4 d6 2. d4 Nf6 3. Nc3 g6 4. Nf3 Bg7 5. Bc4 0-0 6. Be3 c6 7. a4 Bg4 8. h3 Bxf3 9. Qxf3 Nbd7 10. g4 e5 11. d5 Nb6 12. Bxb6 Qxb6 13. dxc6 bxc6 14. 0-0 Rad8 15. Rfd1 Rd7 16. Bb3 Rfd8 17. Rab1 Qc5 18. Rd3 d5 19. g5 Nh5 20. exd5 Nf4 21. Ne4 Qb6 22. Rd2 cxd5 23. Nc3 Qe6 24. Kh2 e4 25. Qxf4 d4 26. Ne2 Qe7 27. Kh1 Be5 28. Qg4 d3 29. Ng3 Qb4 0-1

[Event "Florianopolis Spring op 2nd"]
[Site "Florianopolis"]
[Date "2022.10.23"]
[Round "5"]
[White "Flesch, Lucas Henrique Ye"]
[Black "Kayser, Gustavo Warmling"]
[Result "0-1"]
[WhiteElo "1206"]
[BlackElo "1973"]
[PlyCount "114"]
[EventDate "2022.10.21"]
[EventType "swiss"]
[EventRounds "6"]
[EventCountry "BRA"]
[SourceTitle "EXT 2024"]
[Source "ChessBase"]
[SourceDate "2023.10.10"]
[SourceVersion "1"]
[SourceVersionDate "2023.10.10"]
[SourceQuality "1"]

1. e4 e5 2. Nf3 Nc6 3. Bc4 Bc5 4. c3 Nf6 5. d4 exd4 6. e5 d5 7. Bb5 Ne4 8. cxd4 Bb4+ 9. Bd2 Be7 10. 0-0 0-0 11. Nc3 Bg4 12. Be3 Kh8 13. Be2 f6 14. Nxe4 dxe4 15. Nd2 Bxe2 16. Qxe2 Nxd4 17. Bxd4 Qxd4 18. exf6 Bxf6 19. Nxe4 Rae8 20. Rfe1 b6 21. Rad1 Qxb2 22. Qxb2 Bxb2 23. Re2 Ba3 24. g3 h6 25. Kg2 Re7 26. Rd3 Bc5 27. Rdd2 Rfe8 28. Kf3 Bb4 29. Rb2 a5 30. Re3 g5 31. Rbe2 Rd7 32. a3 Bf8 33. Rc2 Bg7 34. h3 Red8 35. Kg2 Kh7 36. Rf3 Rd3 37. Rf7 c5 38. Rb7 Rc8 39. Rxb6 Rxa3 40. Rxc5 Rxc5 41. Nxc5 Ra2 42. Ra6 Bd4 43. Ne4 a4 44. Rd6 Bh8 45. h4 gxh4 46. gxh4 a3 47. h5 Bb2 48. Rd7+ Kg8 49. Rd6 Ra1 50. Rxh6 Re1 51. Nc5 Re5 52. Rg6+ Kh7 53. Nd7 Ra5 54. Nf8+ Kh8 55. h6 a2 56. h7 Bg7 57. Rh6 Bxh6 0-1

[Event "Florianopolis Spring op 2nd"]
[Site "Florianopolis"]
[Date "2022.10.22"]
[Round "3"]
[White "De Oliveira, Maria Luiza Cruz"]
[Black "Flesch, Lucas Henrique Ye"]
[Result "0-1"]
[WhiteElo "1800"]
[BlackElo "1206"]
[PlyCount "100"]
[EventDate "2022.10.21"]
[EventType "swiss"]
[EventRounds "6"]
[EventCountry "BRA"]
[SourceTitle "EXT 2024"]
[Source "ChessBase"]
[SourceDate "2023.10.10"]
[SourceVersion "1"]
[SourceVersionDate "2023.10.10"]
[SourceQuality "1"]

1. d4 d5 2. c4 e6 3. Nc3 Nf6 4. Nf3 Be7 5. Bg5 0-0 6. e3 a6 7. Be2 dxc4 8. Bxc4 b5 9. Bd3 Bb7 10. 0-0 h6 11. Bxf6 Bxf6 12. Qc2 Bxf3 13. gxf3 c6 14. Rad1 Qe7 15. Rfe1 e5 16. d5 b4 17. Ne4 cxd5 18. Nxf6+ Qxf6 19. Qc7 Nc6 20. Qb7 Rfb8 21. Qd7 Ne7 22. e4 Ng6 23. exd5 Nh4 24. Be4 Nxf3+ 25. Bxf3 Qxf3 26. Qe7 Qf6 27. Rxe5 Re8 28. Qxf6 gxf6 29. Rxe8+ Rxe8 30. Rd4 Rd8 31. Kf1 Kf8 32. Ke2 Ke7 33. Kd3 Kd6 34. Kc4 Rb8 35. Rf4 Ke5 36. Rh4 Rc8+ 37. Kxb4 Kxd5 38. Rxh6 Ke6 39. h4 Kf5 40. Rh7 Kg6 41. Rxf7 Kxf7 42. Ka5 Rc2 43. a4 Rxb2 44. Kxa6 Rxf2 45. a5 Rh2 46. Kb6 Rxh4 47. a6 f5 48. a7 Rh8 49. Kc5 Ra8 50. Kd4 Rxa7 0-1

[Event "Florianopolis Spring op 2nd"]
[Site "Florianopolis"]
[Date "2022.10.22"]
[Round "4"]
[White "Venter, Paulo Regis"]
[Black "Flesch, Lucas Henrique Ye"]
[Result "0-1"]
[WhiteElo "1572"]
[BlackElo "1206"]
[PlyCount "110"]
[EventDate "2022.10.21"]
[EventType "swiss"]
[EventRounds "6"]
[EventCountry "BRA"]
[SourceTitle "EXT 2024"]
[Source "ChessBase"]
[SourceDate "2023.10.10"]
[SourceVersion "1"]
[SourceVersionDate "2023.10.10"]
[SourceQuality "1"]

1. c4 e6 2. d4 d5 3. Nf3 Nf6 4. g3 c5 5. e3 Nc6 6. a3 cxd4 7. exd4 Be7 8. Nbd2 0-0 9. Bg2 b6 10. 0-0 Ba6 11. Qa4 Bb7 12. b4 dxc4 13. Bb2 a6 14. b5 axb5 15. Qxb5 Na5 16. Bc3 Qc7 17. Rfb1 Nd5 18. Qb2 Nb3 19. Nxb3 cxb3 20. Rc1 Qd6 21. Qxb3 Rxa3 22. Rxa3 Qxa3 23. Qxa3 Bxa3 24. Ra1 Nxc3 25. Rxa3 Ne2+ 26. Kf1 Bxf3 27. Bxf3 Nxd4 28. Be4 Rb8 29. Ra4 Nb3 30. Bc2 Nc5 31. Rb4 h6 32. Ke2 Kf8 33. Kd2 Ke7 34. Kc3 Nd7 35. Ba4 Nf6 36. Kb2 Kd6 37. f3 Kc5 38. Re4 b5 39. Bb3 Rd8 40. Kc3 Rd7 41. Rh4 Nd5+ 42. Kc2 Nb4+ 43. Kc1 Rd3 44. Bd1 Rd4 45. Rh5+ Nd5 46. f4 b4 47. Bb3 f5 48. Kb2 Rd3 49. Kc2 Rc3+ 50. Kb2 Kd4 51. Rh4 Rf3 52. Rh5 Rf2+ 53. Kb1 Kc3 54. Bxd5 exd5 55. Rxf5 b3 0-1